000
00265nam a2200121Ia 4500
008
190216s9999||||xx |||||||||||||| ||und||
100
_a
Null
245
0
_a
Modern Business Methods
260
_b
South Asian Pubs
300
_a
309p
650
_a
Commerce
942
_c
BK
999
_c
4583
_d
4583